00959nam a2200289 i 4500001000400000100003100004245012200035260005000157300002100207504003600228650001600264650002700280650004000307700002300347700001900370020001500389040000800404041000800412044000800420080001000428920001800438942000700456008004100463999001700504856009800521952005000619bgj1 aFromm, Erichd(1900-1980).10aDie Furcht vor der Freiheit /cErich Fromm ; [aus dem Amerikanischen neu übersetzt von Liselotte und Ernst Mickel]. aStuttgart :bDeutsche Verlags-Anstalt,c1983. a269 s. ;c22 cm. aBibliogr. s. [256]-260. Indeks. aPsychologia aHitleryzmxpsychologia aPsychologia społecznaxzagadnienia1 aMICKEL, Liselotte.1 aMICKEL, Ernst. a3421061440 cBPK0 ager aDEU a159.9 a3-421-06144-0 cKS s gw f |000 0 ger  c50721d50721 uhttp://koha.tu.koszalin.pl/cgi-bin/koha/opac-detail.pl?biblionumber=50721yKatalog online BPK 00104070aBPKbBPKckwoN 857p02436890yKS